000
00232nam a2200097Ia 4500
001
714288
005
20250826162902.0
008
250824s9999 xx 000 0 und d
245
0
_a
DİLARA
_c
SEVİM ASIMGİL
260
_b
HAYAT YAYINLARI
999
_c
714288
_d
714288